Introduction to physics
Gardado en:
| Autor Principal: | |
|---|---|
| Formato: | Libro |
| Idioma: | Undetermined |
| Publicado: |
New York
MacGraw- Hill Book Company, Inc
1942
|
| Những chủ đề: | |
| Các nhãn: |
Engadir etiqueta
Sen Etiquetas, Sexa o primeiro en etiquetar este rexistro!
|
| Thư viện lưu trữ: | Trung tâm Học liệu Trường Đại học Cần Thơ |
|---|
| LEADER | 00469nam a2200181Ia 4500 | ||
|---|---|---|---|
| 001 | CTU_81108 | ||
| 008 | 210402s9999 xx 000 0 und d | ||
| 082 | |a 530 | ||
| 082 | |b H855 | ||
| 100 | |a Howe, Harley | ||
| 245 | 0 | |a Introduction to physics | |
| 245 | 0 | |c Harley Howe | |
| 260 | |a New York | ||
| 260 | |b MacGraw- Hill Book Company, Inc | ||
| 260 | |c 1942 | ||
| 650 | |a Phyics | ||
| 904 | |i Trọng Hải | ||
| 980 | |a Trung tâm Học liệu Trường Đại học Cần Thơ | ||